Bilecik Bilecik Bilecik Bilecik Bilecik

Aile tedavisi tedavi planlayıcısı = (Record no. 51103)

MARC details
000 -BAŞLIK
Sabit Uzunluktaki Kontrol Alanı 01250nam a22003617a 4500
001 - KONTROL NUMARASI
Control Dosyası 0051278
003 - KONTROL NUMARASI KİMLİĞİ
Kontrol Alanı KOHA_MİRAKIL
005 - EN SON İŞLEM TARİHİ ve ZAMANI
Kontrol Alanı 20260207003800.0
007 - FİZİKSEL TANIM SABİT ALAN - GENEL BİLGİ
Sabit uzunluklu kontrol alanı ta
008 - SABİT UZUNLUKTAKİ VERİ ÖGELERİ - GENEL BİLGİ
Sabit Alan 150629b2013 tu |||gr||||#||||0|tur |
020 ## - ISBN - ULUSLARARASI STANDART KİTAP NUMARASI
Isbn 9786051334776
040 ## - KATALOGLAMA KAYNAĞI
Özgün Kataloglama Kurumu TR-BiSEU
Kataloglama Dili tur
Çeviri Kurumu TR-BiSEU
Açıklama Kuralları rda
041 0# - DİL KODU
Metin ya da ses kaydının dil kodu tur
044 ## - YAYINLAYAN/ÜRETEN KURULUŞUN ÜLKE KODU
ISO country code tu
050 ## - SINIFLAMA ve YER NUMARASI
Sınıflama Numarası RC488.5
Yer Numarası .D38 2013
100 1# - KİŞİ ADI
Yazar Adı (Kişi adı) Dattilio, Frank M..
240 10 - TEK BİÇİM BAŞLIK
Tekbiçim Başlık <a href="The family therapy treatment planner">The family therapy treatment planner</a>
Language of a work Türkçe
245 1# - ESER ADI BİLDİRİMİ
Başlık Aile tedavisi tedavi planlayıcısı =
Alt Eseradı vb. The family therapy treatment planner/
Sorumluluk Bildirimi Frank M. Dattilio ; Frank M. Dattilio, Arthur E. Jongsma Jr. ; Sean D. Davis, contributing editor ; çeviri editörleri, Aziz Yıldırım, İbrahim Kurt..
250 ## - BASIM BİLDİRİMİ
Basım Bildirimi 2. basımdan çeviri
264 #1 - ÜRERİM, YAYIN, DAĞITIM ve TELİF BİLDİRİMİ
Yayın yeri Ankara :
Yayınlayan Nobel
Yayın tarihi 2013
300 ## - FİZİKSEL TANIMLAMA
Sayfa, Cilt vb. X, 346 sayfa ;
Boyutları 24 cm.
336 ## - İÇERİK TÜRÜ
Content type term metin
Content type code txt
Source rdacontent
337 ## - MEDYA TÜRÜ
Media type term aracısız
Media type code n
Source rdamedia
338 ## - TAŞIYICI TÜRÜ
Carrier type term cilt
Carrier type code nc
Source rdacarrier
490 1# - DİZİ BİLDİRİMİ
Dizi Bildirimi Nobel ;
Cilt Numarası 575.
490 1# - DİZİ BİLDİRİMİ
Dizi Bildirimi Psikoloji nu ;
Cilt Numarası 22.
500 ## - GENEL NOT
Genel Not Kaynakça var.
650 #0 - KONU BAŞLIĞI EK GİRİŞ - KONU TERİMİ
Konusal terim veya coğrafi ad Aile psikoterapisi--Planlama.
9 (RLIN) 95245
650 #0 - KONU BAŞLIĞI EK GİRİŞ - KONU TERİMİ
Konusal terim veya coğrafi ad Akıl hastalığı--Tedavi--Planlama.
9 (RLIN) 95246
830 1# - SERİ EK GİRİŞİ - TEKBİÇİM ESER ADI
Tekbiçim Başlık Nobel ;
Volume number/sequential designation 575.
9 (RLIN) 1846
830 1# - SERİ EK GİRİŞİ - TEKBİÇİM ESER ADI
Tekbiçim Başlık Psikoloji nu ;
Volume number/sequential designation 22.
9 (RLIN) 95247
942 ## - EK GİRİŞ ÖGELERİ (KOHA)
Source of classification or shelving scheme Library of Congress Classification
Koha item type Book
Holdings
Materyal Türü Kalıcı Konum Mevcut Konum Raf Yeri Sınıflandırma Kaynağı Edinim Bilgisi Ana Konular Alt Konular Yer Numarası Demirbaş Numarası Fatura Tarihi Maliyet, Alış Fiyatı Maliyet, Yenileme Fiyatı Geri Çekilme Durumu Kayıp Durumu Hasarlı Durumu Kredi için değil Kayıt Tarih Toplam Ödünçverme Son Görülme Tarihi Son Kontrol Tarihi Satın Alma Notu
Book Prof. Dr. Azmi Özcan Kütüphanesi Prof. Dr. Azmi Özcan Kütüphanesi Birûni Salonu Library of Congress Classification Satın TIP Dahiliye RC488.5 .D38 2013 0051278 07/07/2015 17.37 17.37         29/06/2015 1 05/12/2024 05/12/2024 B-984687 - B-984797